| 000 | 00581nam a2200241Ia 4500 | ||
|---|---|---|---|
| 003 | OSt | ||
| 005 | 20221005124733.0 | ||
| 006 | a|||||r|||| 00| 0 | ||
| 007 | ta | ||
| 008 | 221004b |||||||| |||| 00| 0 tam d | ||
| 024 | _a52473 | ||
| 037 | _cTextual | ||
| 040 |
_aCRL _cCRL _btam |
||
| 041 |
_2tam _atam |
||
| 082 | _aYxN13, 31M3 | ||
| 100 | _aRaju | ||
| 245 | 0 | _aNeelavathi rama subramaniam vaghai varalam | |
| 260 | _c1983 | ||
| 300 |
_a168p. _ccm. |
||
| 650 | _aSOCIOLOGY | ||
| 942 |
_hYxN13, 31M3 _cTEXL _2cc |
||
| 999 |
_c1051463 _d1051463 |
||